000 00417nam a2200181Ia 4500
001 3259
005 20260306144907.0
008 260306t2014||||xx |||||||||||||| ||spa||
041 _aESP
082 _a262.91
_bJ81L V. 1
100 _aWojtyla, Karol
_eAUT
245 0 _aLecciones de lublin I
260 _c2014
300 _a315 páginas :
_c21 cm.
650 _aGEN
654 _aCHU
942 _cLIB
_dJUS
_fJUS
_2ddc
_n
999 _c3259
_d3259